书目信息 |
| 题名: |
环境生物修复技术
|
|
| 作者: | 吴启堂 , 陈同斌 主编 | |
| 分册: | ||
| 出版信息: | 北京 化学工业出版社 2007 |
|
| 页数: | 248页 | |
| 开本: | 24cm | |
| 丛书名: | 高新技术科普丛书 | |
| 单 册: | ||
| 中图分类: | X17 | |
| 科图分类: | ||
| 主题词: | 环境生物学--研究 | |
| 电子资源: | ||
| ISBN: | 978-7-5025-9565-4 | |
| 000 | 01136oam2 2200289 450 | |
| 001 | 012004114923 | |
| 005 | 20221010164829.23 | |
| 009 | 012004114923 | |
| 010 | @a978-7-5025-9565-4@dCNY29.00 | |
| 035 | @a(110019)012007001084 | |
| 100 | @a20070308d2007 em y0chiy0110 ea | |
| 101 | 0 | @achi |
| 102 | @aCN@b110000 | |
| 105 | @ay z 000yy | |
| 200 | 1 | @a环境生物修复技术@Ahuan jing sheng wu xiu fu ji shu@f吴启堂,陈同斌主编@Fwu qi tang, chen tong bin zhu bian |
| 210 | @a北京@c化学工业出版社@d2007 | |
| 215 | @a248页@d24cm | |
| 225 | 2 | @a高新技术科普丛书@Agao xin ji shu ke pu cong shu |
| 300 | @a国家科普知识重点图书 | |
| 330 | @a本书首先对相关的环境标准、污染评价、“三废”治理等知识作了简要的配套介绍;接着阐述了生物修复的原理、方法与分类;再对植物、微生物和综合技术应用于水体、土壤和大气环境污染修复作了较全面的论述;最后对该技术需要深入研究的问题和产业化前景作了展望。 | |
| 461 | 0 | @12001 @a高新技术科普丛书 |
| 606 | 0 | @a环境生物学@x研究 |
| 690 | @aX17@v4 | |
| 701 | 0 | @a吴启堂@Awu qi tang@4主编 |
| 701 | 0 | @a陈同斌@Achen tong bin@4主编 |
| 801 | 0 | @aCN@b110019@c20070308 |
| 905 | @dX17@e114 @f5 | |
| 环境生物修复技术/吴启堂,陈同斌主编.-北京:化学工业出版社,2007 |
| 248页;24cm.-(高新技术科普丛书) |
| 国家科普知识重点图书 |
| ISBN 978-7-5025-9565-4:CNY29.00 |
| 本书首先对相关的环境标准、污染评价、“三废”治理等知识作了简要的配套介绍;接着阐述了生物修复的原理、方法与分类;再对植物、微生物和综合技术应用于水体、土壤和大气环境污染修复作了较全面的论述;最后对该技术需要深入研究的问题和产业化前景作了展望。 |
| ● |
| 相关链接 |
|
|
|
|
正题名:环境生物修复技术
索取号:X17/114
 
预约/预借
| 序号 | 登录号 | 条形码 | 馆藏地/架位号 | 状态 | 备注 |
| 1 | 0579283 | 205792837 | 第二样本阅览室/ [索取号:X17/114] | 在馆 | |
| 2 | 0579284 | 205792846 | 第三借阅区/ [索取号:X17/114] | 在馆 | |
| 3 | 0579285 | 205792855 | 第三借阅区/ [索取号:X17/114] | 在馆 | |
| 4 | 0579286 | 205792864 | 第三借阅区/ [索取号:X17/114] | 在馆 | |
| 5 | 0579287 | 205792873 | 第三借阅区/ [索取号:X17/114] | 在馆 | |
| 6 | 0579288 | 205792882 | 第三借阅区/ [索取号:X17/114] | 在馆 | |
| 7 | 0579289 | 205792891 | 第三借阅区/ [索取号:X17/114] | 在馆 | |
| 8 | 0579290 | 205792908 | 第三借阅区/ [索取号:X17/114] | 在馆 | |
| 9 | 0850623 | 208506231 | 第三借阅区/ [索取号:X17/114] | 在馆 | |
| 10 | 0850624 | 208506240 | 第三借阅区/ [索取号:X17/114] | 在馆 | |
| 11 | 0850625 | 208506259 | 第三借阅区/ [索取号:X17/114] | 在馆 | |
| 12 | 0850626 | 208506268 | 第三借阅区/ [索取号:X17/114] | 在馆 | |
| 13 | 0850627 | 208506277 | 第三借阅区/ [索取号:X17/114] | 在馆 |